[Event "Mecklenburg VP Landesliga West 1920"]
[Site "Mecklenburg VP"]
[Date "2020.03.01"]
[Round "7.6"]
[White "Langer, Robert"]
[Black "Zacharias, Uwe"]
[Result "1-0"]
[WhiteElo "1732"]
[BlackElo "2002"]
[PlyCount "67"]
[EventDate "2019.09.29"]
[EventType "team-tourn"]
[EventRounds "9"]
[EventCountry "GER"]
[SourceTitle "EXT 2023"]
[Source "ChessBase"]
[SourceDate "2022.10.05"]
[SourceVersion "1"]
[SourceVersionDate "2022.10.05"]
[SourceQuality "1"]
[WhiteTeam "Rostock Makkabi"]
[BlackTeam "Ludwigslust"]
[WhiteTeamCountry "GER"]
[BlackTeamCountry "GER"]

1. d4 Nf6 2. c4 g6 3. Nc3 d5 4. Nf3 Bg7 5. Bg5 dxc4 6. e3 0-0 7. Bxc4 Bg4 8. h3 Bf5 9. 0-0 Ne4 10. Nxe4 Bxe4 11. Nd2 Bc6 12. Re1 h6 13. Bf4 e6 14. Nf3 Be4 15. Bd3 Bxd3 16. Qxd3 Nd7 17. Rad1 c5 18. b3 b6 19. d5 exd5 20. Qxd5 Nf6 21. Qc4 Qc8 22. Rd6 Nh5 23. Rxg6 Nxf4 24. exf4 Qf5 25. Nh4 Qd7 26. Rg3 Kh8 27. Rd3 Bd4 28. Nf3 Rfe8 29. Red1 Qf5 30. Nxd4 cxd4 31. Qxd4+ Kg8 32. Rg3+ Kf8 33. Qg7+ Ke7 34. Re3+ 1-0

[Event "Rostock SSC 07 op 15th"]
[Site "Rostock"]
[Date "2016.07.27"]
[Round "2"]
[White "Ivanov, Sergey"]
[Black "Langer, Robert"]
[Result "1-0"]
[WhiteElo "1797"]
[BlackElo "1641"]
[PlyCount "65"]
[EventDate "2016.07.27"]
[EventType "swiss"]
[EventRounds "7"]
[EventCountry "GER"]
[SourceTitle "EXT 2017"]
[Source "ChessBase"]
[SourceDate "2016.10.25"]
[SourceVersion "1"]
[SourceVersionDate "2016.10.25"]
[SourceQuality "1"]

1. c4 Nf6 2. Nc3 g6 3. d4 Bg7 4. e4 d6 5. Be2 0-0 6. Be3 Nbd7 7. Qd2 e5 8. d5 Nc5 9. f3 a5 10. g4 a4 11. Nh3 Ne8 12. Nf2 f5 13. gxf5 gxf5 14. exf5 Bxf5 15. 0-0-0 Nf6 16. Nd3 Nxd3+ 17. Bxd3 Bxd3 18. Qxd3 Nh5 19. Ne4 Rxf3 20. Ng5 Qxg5 21. Bxg5 Rxd3 22. Rxd3 Nf6 23. Rg1 Kh8 24. Rf3 Ne4 25. Be3 a3 26. Rf7 axb2+ 27. Kxb2 Rg8 28. Rxc7 Nc5 29. Bxc5 dxc5 30. Rxb7 e4+ 31. Kc2 h6 32. a4 e3 33. Rgxg7 1-0

[Event "Rostock SSC op 14th"]
[Site "Rostock"]
[Date "2015.07.30"]
[Round "3.25"]
[White "Ivanov, Sergey"]
[Black "Langer, Robert"]
[Result "1-0"]
[WhiteElo "1726"]
[BlackElo "1232"]
[PlyCount "123"]
[EventDate "2015.07.29"]
[EventType "swiss"]
[EventRounds "7"]
[EventCountry "GER"]
[SourceTitle "EXT 2019"]
[Source "ChessBase"]
[SourceDate "2018.10.10"]
[SourceVersion "1"]
[SourceVersionDate "2018.10.10"]
[SourceQuality "1"]

1. c4 Nf6 2. g3 g6 3. Nc3 Bg7 4. Bg2 0-0 5. Nf3 c6 6. d4 d6 7. 0-0 Bg4 8. h3 Bf5 9. Re1 Qc8 10. Kh2 Ne4 11. Nxe4 Bxe4 12. Ng5 Bxg2 13. Kxg2 c5 14. dxc5 dxc5 15. Qc2 Qc6+ 16. e4 Qc7 17. Be3 b6 18. Rad1 Nc6 19. Nf3 e5 20. a3 Nd4 21. Bxd4 exd4 22. Rd3 Rfe8 23. Nd2 f5 24. f3 f4 25. g4 Qe7 26. Nf1 Qh4 27. Qf2 Qxf2+ 28. Kxf2 g5 29. Nd2 h5 30. b4 a5 31. bxc5 bxc5 32. Rb1 Bf8 33. a4 Reb8 34. Rb5 Rxb5 35. cxb5 Rc8 36. Nc4 Ra8 37. Ke2 Kf7 38. Rb3 Be7 39. b6 Ke6 40. b7 Rb8 41. Nxa5 Kd7 42. Kd3 Bd8 43. Nc4 Kc7 44. Rb5 Be7 45. Na5 Bf8 46. Kc4 Be7 47. Rb1 Bf8 48. Kb5 Bd6 49. Kc4 Bf8 50. e5 Be7 51. Kb5 Bf8 52. Ka6 Be7 53. Rb6 d3 54. Nc4 Bf8 55. Ka7 Bg7 56. e6 Bd4 57. Rc6+ Kxc6 58. Kxb8 d2 59. Nxd2 c4 60. Nxc4 Bc5 61. Kc8 Ba7 62. e7 1-0

[Event "GER-chT North U12"]
[Site "Magdeburg"]
[Date "2014.09.11"]
[Round "2.1"]
[White "Langer, Robert"]
[Black "Zeuner, Ole"]
[Result "0-1"]
[WhiteElo "1225"]
[BlackElo "1452"]
[PlyCount "114"]
[EventDate "2014.09.11"]
[EventType "team-swiss"]
[EventRounds "7"]
[EventCountry "GER"]
[SourceTitle "EXT 2016"]
[Source "ChessBase"]
[SourceDate "2015.10.08"]
[SourceVersion "1"]
[SourceVersionDate "2015.10.08"]
[SourceQuality "1"]
[WhiteTeam "Rostock Makkabi"]
[BlackTeam "Magdeburg Schachzwerge"]
[WhiteTeamCountry "GER"]
[BlackTeamCountry "GER"]

1. d4 Nf6 2. e3 d6 3. Bd3 g6 4. f4 Bg7 5. Nf3 0-0 6. 0-0 Nc6 7. Bd2 a6 8. Be1 b5 9. c3 Nd5 10. Qe2 Bb7 11. Nbd2 Qd7 12. Bh4 Rac8 13. Ng5 h6 14. Nge4 Nd8 15. Rf2 c5 16. Raf1 c4 17. Bc2 f5 18. Ng3 Ne6 19. Nh1 Rf7 20. g4 Kh8 21. gxf5 gxf5 22. Qh5 Rcf8 23. Qg6 Nxe3 24. Re1 Nxd4 25. Rxe3 Nxc2 26. Ree2 Qc6 27. Ng3 Qd7 28. Ndf1 Na1 29. Re1 Nb3 30. axb3 cxb3 31. Rfe2 Qc6 32. Rf2 Qd7 33. Qh5 Kh7 34. Re3 b4 35. Rfe2 bxc3 36. bxc3 Qb5 37. Bxe7 b2 38. Nd2 b1Q+ 39. Nxb1 Qxb1+ 40. Kf2 Qc1 41. Bxf8 Rxf8 42. Re1 Qd2+ 43. Ne2 a5 44. Re6 a4 45. Qg6+ Kh8 46. Re7 Rg8 47. Rg1 Qb2 48. Rxg7 Qb6+ 49. Nd4 Qb2+ 50. Ke3 Qxc3+ 51. Ke2 Ba6+ 52. Kd1 Qxd4+ 53. Kc2 Qxg7 54. Qxd6 Rc8+ 55. Kb1 Qxg1+ 56. Kb2 Qc1+ 57. Ka2 Bc4# 0-1